[Event "Ste Foy Morphy"]
[Site "Ste Foy"]
[Date "2018.02.17"]
[Round "1"]
[White "Sauve, Richard"]
[Black "Oliver, Vance"]
[Result "1/2-1/2"]
[WhiteElo "1913"]
[BlackElo "1485"]
[PlyCount "148"]
[EventDate "2018.02.17"]
[EventType "swiss"]
[EventRounds "5"]
[EventCountry "CAN"]
[SourceTitle "EXT 2022"]
[Source "ChessBase"]
[SourceDate "2021.10.06"]
[SourceVersion "1"]
[SourceVersionDate "2021.10.06"]
[SourceQuality "1"]

1. d4 Nf6 2. c4 g6 3. Nc3 Bg7 4. e4 d6 5. f3 0-0 6. Be3 Nc6 7. Nge2 a6 8. Qd2 Rb8 9. Nc1 e5 10. Nb3 exd4 11. Nxd4 Nxd4 12. Bxd4 Bd7 13. Be2 b5 14. cxb5 axb5 15. 0-0 c6 16. Rac1 b4 17. Nd1 c5 18. Be3 Be6 19. b3 Ne8 20. Kh1 Qe7 21. Bc4 Nc7 22. Bg5 Qd7 23. Bh6 Bxh6 24. Qxh6 Nb5 25. Bxb5 Qxb5 26. Ne3 Ra8 27. Nf5 Bxf5 28. exf5 gxf5 29. Qg5+ Kh8 30. Qf6+ Kg8 31. Rfe1 Qd3 32. Qg5+ Kh8 33. Red1 Qe2 34. Rxd6 Rae8 35. Rg1 Re6 36. Qd2 Rfe8 37. Qxe2 Rxe2 38. Rd5 Rxa2 39. Rxc5 Ra3 40. Rxf5 Kg7 41. Rb5 Rxb3 42. h3 h6 43. Ra1 Rb2 44. Ra4 Rb1+ 45. Kh2 b3 46. Rab4 Re3 47. Kg3 Rb2 48. Kf4 Rc3 49. Ke4 Rxg2 50. Rxb3 Rc4+ 51. Ke3 Rg3 52. R5b4 Rxb4 53. Rxb4 Rxh3 54. Kf2 Rh5 55. Rb7 Rf5 56. Kg3 Kg6 57. Rb6+ Rf6 58. Rb5 Re6 59. Ra5 f5 60. Ra8 Kg5 61. Ra5 Re1 62. Kg2 h5 63. Ra8 Re2+ 64. Kf1 Re6 65. Kf2 h4 66. Rg8+ Rg6 67. Rh8 Rh6 68. Rg8+ Kf4 69. Ra8 h3 70. Ra4+ Kg5 71. Kg1 f4 72. Kh2 Kf5 73. Ra5+ Kg6 74. Ra6+ Kg5 1/2-1/2

[Event "Ste Foy Tal"]
[Site "Ste Foy"]
[Date "2016.11.19"]
[Round "1"]
[White "Oliver, Vance"]
[Black "Sarra Bournet, Marc"]
[Result "0-1"]
[WhiteElo "1524"]
[BlackElo "1844"]
[PlyCount "58"]
[EventDate "2016.11.19"]
[EventType "tourn"]
[EventRounds "5"]
[EventCountry "CAN"]
[SourceTitle "EXT 2022"]
[Source "ChessBase"]
[SourceDate "2021.10.06"]
[SourceVersion "1"]
[SourceVersionDate "2021.10.06"]
[SourceQuality "1"]

1. Nf3 d5 2. g3 Nf6 3. Bg2 Nc6 4. d3 e5 5. Nbd2 Be7 6. 0-0 0-0 7. e4 Bg4 8. c3 Qd7 9. Qc2 Rad8 10. Re1 dxe4 11. dxe4 b5 12. Nf1 b4 13. Ne3 Bh5 14. Nf5 Bc5 15. Bg5 Qe6 16. N3h4 h6 17. Be3 Bxe3 18. Nxe3 bxc3 19. bxc3 Rd7 20. Nhf5 g6 21. Bh3 Kh7 22. Kg2 g5 23. Ng7 Bf3+ 24. Kxf3 Qxh3 25. Ngf5 Rfd8 26. Qa4 g4+ 27. Nxg4 Nxg4 28. Qxc6 Nxh2+ 29. Ke2 Rd2+ 0-1

[Event "Quebec Montcalm op 5 2013-14"]
[Site "Quebec"]
[Date "2014.03.13"]
[Round "5"]
[White "Cummins, Paul"]
[Black "Oliver, Vance"]
[Result "1-0"]
[WhiteElo "1821"]
[BlackElo "1625"]
[PlyCount "57"]
[EventDate "2014.02.13"]
[EventType "swiss"]
[EventRounds "5"]
[EventCountry "CAN"]
[SourceTitle "EXT 2022"]
[Source "ChessBase"]
[SourceDate "2021.10.06"]
[SourceVersion "1"]
[SourceVersionDate "2021.10.06"]
[SourceQuality "1"]

1. e4 d6 2. d4 Nf6 3. f3 g6 4. Be3 c6 5. Qd2 h5 6. Nc3 b5 7. Bd3 Nbd7 8. Bg5 Bg7 9. Rd1 Nb6 10. e5 Nfd5 11. exd6 Qxd6 12. Ne4 Qb4 13. c3 Qa5 14. Ne2 Nc4 15. Bxc4 bxc4 16. 0-0 f6 17. Bh4 Bh6 18. f4 Nxf4 19. Nxf4 g5 20. Qe2 gxh4 21. Nd6+ Kd7 22. Qe6+ Kc7 23. Qxe7+ Kb8 24. Ne6 Be3+ 25. Kh1 a6 26. Nxc4 h3 27. Nxa5 hxg2+ 28. Kxg2 Rg8+ 29. Kf3 1-0

[Event "Quebec Montcalm op 5 2011-12"]
[Site "Quebec"]
[Date "2012.03.08"]
[Round "4"]
[White "Boulianne, Gabriel"]
[Black "Oliver, Vance"]
[Result "0-1"]
[WhiteElo "1722"]
[BlackElo "1569"]
[PlyCount "86"]
[EventDate "2012.02.16"]
[EventType "swiss"]
[EventRounds "5"]
[EventCountry "CAN"]
[SourceTitle "EXT 2022"]
[Source "ChessBase"]
[SourceDate "2021.10.06"]
[SourceVersion "1"]
[SourceVersionDate "2021.10.06"]
[SourceQuality "1"]

1. e4 d6 2. d4 Nf6 3. Bd3 g6 4. Ne2 Bg7 5. f3 Nc6 6. c3 e5 7. Be3 0-0 8. a3 exd4 9. cxd4 Qe7 10. Nbc3 Bd7 11. b4 a6 12. 0-0 h5 13. Qb3 Na7 14. Rac1 c6 15. Rfd1 Nb5 16. Bxb5 axb5 17. d5 Ra6 18. Bf4 Rd8 19. dxc6 Bxc6 20. Nd4 Rb6 21. Qc2 h4 22. Qd2 Kh7 23. Qf2 Nh5 24. Be3 Be5 25. Nf5 gxf5 26. Bxb6 Rg8 27. Nd5 Bxd5 28. exd5 Nf4 29. Kf1 Rxg2 30. Qe3 Rxh2 31. Rc7 Rh1+ 32. Kf2 Rh2+ 33. Kf1 Qf6 34. Qg1 Nh3 35. Qe3 Qg6 36. Rdc1 Qg2+ 37. Ke1 Rh1+ 38. Qg1 Rxg1+ 39. Bxg1 Qxg1+ 40. Ke2 Qf2+ 41. Kd1 Qxf3+ 42. Ke1 Bg3+ 43. Kd2 Bf4+ 0-1

[Event "Quebec Montcalm op 3 2011-12"]
[Site "Quebec"]
[Date "2011.12.08"]
[Round "4"]
[White "Bourassa, Andre"]
[Black "Oliver, Vance"]
[Result "1-0"]
[WhiteElo "1824"]
[BlackElo "1573"]
[PlyCount "67"]
[EventDate "2011.11.17"]
[EventType "swiss"]
[EventRounds "5"]
[EventCountry "CAN"]
[SourceTitle "EXT 2022"]
[Source "ChessBase"]
[SourceDate "2021.10.06"]
[SourceVersion "1"]
[SourceVersionDate "2021.10.06"]
[SourceQuality "1"]

1. d4 d5 2. c4 e6 3. Nc3 Nf6 4. Bg5 c6 5. e3 Nbd7 6. Nf3 h6 7. Bh4 Qa5 8. Nd2 Bd6 9. c5 Be7 10. Bd3 0-0 11. f4 Re8 12. 0-0 b5 13. Nb3 Qd8 14. a3 a5 15. Nd2 Ba6 16. b4 a4 17. Nf3 Ng4 18. Bxe7 Qxe7 19. Qe2 Bc8 20. h3 Ngf6 21. Ne5 Bb7 22. Rac1 Rad8 23. Nxb5 cxb5 24. Bxb5 Nxe5 25. fxe5 Ne4 26. Qb2 Qg5 27. Rf3 Ra8 28. Bxe8 Rxe8 29. b5 Qg6 30. c6 Ng5 31. Rg3 Bc8 32. b6 Ba6 33. b7 Rb8 34. c7 1-0

[Event "Charlesbourg Capablanca"]
[Site "Charlesbourg"]
[Date "2011.01.17"]
[Round "3"]
[White "Oliver, Vance"]
[Black "Hebert, Marc"]
[Result "0-1"]
[WhiteElo "1500"]
[BlackElo "1644"]
[PlyCount "66"]
[EventDate "2011.01.03"]
[EventType "swiss"]
[EventRounds "5"]
[EventCountry "CAN"]
[SourceTitle "EXT 2022"]
[Source "ChessBase"]
[SourceDate "2021.10.06"]
[SourceVersion "1"]
[SourceVersionDate "2021.10.06"]
[SourceQuality "1"]

1. Nf3 d5 2. g3 e6 3. Bg2 c6 4. d3 Nf6 5. 0-0 Be7 6. Nc3 0-0 7. e4 dxe4 8. dxe4 Qxd1 9. Rxd1 Na6 10. a3 Nc5 11. Nd2 Rd8 12. b4 Ncd7 13. Nc4 Nb6 14. Rxd8+ Bxd8 15. Nd6 Bc7 16. e5 Nfd7 17. f4 Bxd6 18. exd6 Nc4 19. b5 cxb5 20. Nxb5 a6 21. Nc7 Rb8 22. f5 e5 23. a4 Nxd6 24. Ba3 Nxf5 25. Rb1 b6 26. g4 Ne3 27. Be4 Bb7 28. Bxb7 Rxb7 29. Nxa6 Nc4 30. Bc5 f6 31. Rb4 Ra7 32. Rxc4 bxc5 33. Nxc5 Rc7 0-1

[Event "Quebec Montcalm op 6 2009-10"]
[Site "Quebec"]
[Date "2010.03.25"]
[Round "1"]
[White "Bourassa, Andre"]
[Black "Oliver, Vance"]
[Result "1-0"]
[WhiteElo "1754"]
[BlackElo "1487"]
[PlyCount "79"]
[EventDate "2010.03.25"]
[EventType "swiss"]
[EventRounds "5"]
[EventCountry "CAN"]
[SourceTitle "EXT 2022"]
[Source "ChessBase"]
[SourceDate "2021.10.06"]
[SourceVersion "1"]
[SourceVersionDate "2021.10.06"]
[SourceQuality "1"]

1. d4 d5 2. c4 c6 3. Nf3 Nf6 4. e3 e6 5. Nc3 Bd6 6. Qc2 Qc7 7. c5 Be7 8. Ne5 Nbd7 9. f4 Nxe5 10. fxe5 Ng4 11. Bd3 f5 12. 0-0 Bd7 13. b4 Bg5 14. Qe2 0-0-0 15. b5 Rdf8 16. h3 Nh6 17. bxc6 Bxc6 18. Bb5 Nf7 19. Rb1 Nxe5 20. dxe5 Kd7 21. Bxc6+ bxc6 22. Bd2 Rb8 23. Qh5 Be7 24. Ne2 g6 25. Qf3 Bxc5 26. Bc3 Rxb1 27. Rxb1 Rb8 28. Rc1 Ba3 29. Rc2 Qb7 30. Qf1 Qa6 31. Nd4 Qa4 32. Qf2 c5 33. Nb3 Qe4 34. Bb2 c4 35. Bxa3 cxb3 36. axb3 Rxb3 37. Bd6 Rb7 38. Qd2 a5 39. Qc3 Qa4 40. Qc8# 1-0

[Event "Quebec Montcalm op 4th"]
[Site "Quebec"]
[Date "2009.02.12"]
[Round "5"]
[White "Cournoyer, Dominic"]
[Black "Oliver, Vance"]
[Result "1-0"]
[WhiteElo "1871"]
[BlackElo "1545"]
[PlyCount "63"]
[EventDate "2009.01.15"]
[EventType "swiss"]
[EventRounds "5"]
[EventCountry "CAN"]
[SourceTitle "EXT 2011"]
[Source "ChessBase"]
[SourceDate "2010.11.26"]
[SourceVersion "1"]
[SourceVersionDate "2010.11.26"]
[SourceQuality "1"]

1. c4 e6 2. Nf3 Nf6 3. Nc3 c6 4. e3 d5 5. b3 Bd6 6. Bb2 0-0 7. Be2 Nbd7 8. d4 Ne4 9. 0-0 b6 10. Qc2 f5 11. Bd3 Rf7 12. Ne2 g5 13. Ne5 Nxe5 14. dxe5 Be7 15. Nd4 Bd7 16. a3 Qf8 17. b4 g4 18. b5 Rc8 19. Qe2 c5 20. Nb3 dxc4 21. Bxc4 Qh6 22. Rad1 Bg5 23. Nd2 g3 24. hxg3 Nxf2 25. Kxf2 f4 26. exf4 Rcf8 27. Kg1 Be7 28. Ne4 Rf5 29. Rxd7 Rh5 30. Nf6+ Rxf6 31. exf6 Rh1+ 32. Kf2 1-0

[Event "Quebec Montcalm op 1st"]
[Site "Quebec"]
[Date "2003.09.25"]
[Round "3"]
[White "Lessard, Claude"]
[Black "Oliver, Vance"]
[Result "1-0"]
[WhiteElo "1858"]
[BlackElo "1411"]
[PlyCount "67"]
[EventDate "2003.09.??"]
[EventType "swiss"]
[EventRounds "5"]
[EventCountry "CAN"]
[SourceTitle "EXT 2006"]
[Source "ChessBase"]
[SourceDate "2005.11.24"]
[SourceVersion "1"]
[SourceVersionDate "2005.11.24"]
[SourceQuality "1"]

1. d4 Nf6 2. Nf3 g6 3. g3 Bg7 4. Bg2 d6 5. 0-0 0-0 6. c4 Nbd7 7. Nc3 e5 8. Bg5 exd4 9. Nxd4 c6 10. Qd2 Qa5 11. Rfd1 Nb6 12. b3 d5 13. Bxf6 Bxf6 14. Nxd5 Qxd2 15. Nxf6+ Kg7 16. Nh5+ Kh6 17. Rxd2 Kxh5 18. Rad1 Kh6 19. h3 Bd7 20. e4 Be6 21. c5 Nc8 22. f4 Ne7 23. Nxe6 fxe6 24. Rd7 Ng8 25. Rxb7 Nf6 26. Rd6 Nh5 27. Kh2 Nxf4 28. gxf4 Rxf4 29. Rxe6 Raf8 30. Rxc6 Rf2 31. Rcc7 Rxa2 32. Rxh7+ Kg5 33. Kg3 Rff2 34. h4+ 1-0